Ensayo sobre el cuidado del alma en Sócrates.

Guardado en:
Detalles Bibliográficos
Autor principal: Pizarro Herrmann, Alvaro (autor)
Formato: Libro
Publicado: Valparaíso, Chile: Ediciones Universitarias de Valparaíso, 2019.
Materias:
Etiquetas: Agregar Etiqueta
Sin Etiquetas, Sea el primero en etiquetar este registro!

MARC

LEADER 00000cam a2200000 a 4500
001 UCC9268
003 CL-VaPUC
005 20230413173944.0
008 230413t2019 ||||| |||| 00| 0 eng d
999 |c 375461  |d 375459 
020 |a 978-956-17-0834-1 
040 |c Pontificia Universidad Católica de Valparaíso 
082 0 4 |a 128.1 PIZ 2019  |2 21 
100 0 |a Pizarro Herrmann, Alvaro  |9 604246  |e autor 
245 1 0 |a Ensayo sobre el cuidado del alma en Sócrates. 
260 0 3 |a Valparaíso, Chile:  |b Ediciones Universitarias de Valparaíso,  |c 2019. 
300 |a 107 páginas. 
500 |a c.4. Donación Rector saliente Claudio Elortegui, Julio 2022. Sin memo. Ingresado Octubre 2022. c.5. Donación Ricardo Iglesias. Memo HIS/006 2023. 
583 |a last modification  |c 20190914 23:07:00  |k Rodrigo Vera 
650 0 |a Alma   |9 259008 
650 7 |a Inmortalidad  |2 CL-VaPUC  |9 320467 
650 0 |a Espiritualidad   |9 267331 
852 |a BIBCUR 
942 |c BK  |2 ddc 
945 |d 20190914 23:07:00  |a dcastane 
952 |0 0  |1 0  |3 erb  |4 0  |6 128_100000000000000_PIZ_2019  |7 0  |8 ?  |9 494443  |a BIBEDU  |b BIBEDU  |i 5600669  |l 6  |m 1  |o 128.1 PIZ 2019  |p 5600669  |r 2025-03-19  |s 2025-03-12  |w 2019-11-24  |y BK  |z Catalogado en:20190914  |k FIL 
952 |0 0  |1 0  |2 ddc  |4 0  |6 128_100000000000000_PIZ_2019  |7 0  |8 A  |9 577222  |a BIBEDU  |b BIBEDU  |d 2020-12-17  |i 5620104  |l 1  |o 128.1 PIZ 2019  |p 5620104  |r 2024-08-19  |s 2024-08-12  |t 2  |w 2020-12-17  |y BK  |k FIL 
952 |0 0  |1 0  |2 ddc  |4 0  |6 128_100000000000000_PIZ_2019  |7 0  |8 A  |9 577223  |a BIBEDU  |b BIBEDU  |d 2020-12-17  |i 5620112  |l 1  |m 1  |o 128.1 PIZ 2019  |p 5620112  |r 2024-06-17  |s 2024-06-05  |t 3  |w 2020-12-17  |y BK  |k FIL 
952 |0 0  |1 0  |2 ddc  |4 0  |6 128_100000000000000_PIZ_2019  |7 0  |8 A  |9 587011  |a BIBEDU  |b BIBEDU  |c GEN  |d 2022-09-30  |e Donación   |i 5654957  |l 1  |m 2  |o 128.1 PIZ 2019  |p 5654957  |r 2022-12-06  |s 2022-11-15  |t 4  |w 2022-09-30  |y BK  |k FIL 
952 |0 0  |1 0  |2 ddc  |4 0  |6 128_100000000000000_PIZ_2019  |7 0  |8 A  |9 589631  |a BIBHIS  |b BIBHIS  |d 2023-04-13  |e Donación  |i 5657139  |l 1  |o 128.1 PIZ 2019  |p 5657139  |r 2025-01-20  |s 2023-07-04  |t 5  |w 2023-04-13  |y BK  |k HIS 
952 |0 0  |1 0  |2 ddc  |4 0  |6 128_100000000000000_PIZ_2019  |7 0  |8 A  |9 596270  |a BIBEDU  |b BIBEDU  |d 2024-08-13  |i 5611865  |o 128.1 PIZ 2019  |p 5611865  |r 2024-08-13  |w 2024-08-13  |y BK  |k FIL